Impact of rubber producers societies on rubber plantation industry in Kasaragod district (Record no. 52535)

MARC details
000 -LEADER
fixed length control field 00474nam a2200121Ia 4500
100 ## - MAIN ENTRY--AUTHOR NAME
Personal name Jose M.J.
245 #0 - TITLE STATEMENT
Title Impact of rubber producers societies on rubber plantation industry in Kasaragod district
260 ## - PUBLICATION, DISTRIBUTION, ETC. (IMPRINT)
Name of publisher Dissertation, PG Diploma in Natural Rubber Production, Kerala Agricultural University, Trichur, India, 39 p.
Year of publication 1991
650 ## - SUBJECT ADDED ENTRY--TOPICAL TERM
Topical Term Rubber plantation industry
650 ## - SUBJECT ADDED ENTRY--TOPICAL TERM
Topical Term Rubber producers' society
942 ## - ADDED ENTRY ELEMENTS (KOHA)
Koha item type Bibliography STAF
Holdings
Withdrawn status Lost status Damaged status Not for loan Home library Current library Date acquired Koha item type
      Bibliography RRII Library RRII Library 09/04/2014 Bibliography STAF